| 000 | 01122nmc a2200409 a 4500 | ||
|---|---|---|---|
| 003 | AR-BaBNM | ||
| 005 | 20251128204916.0 | ||
| 008 | 011101s1991 ||||||||||||||000 | spa|| | ||
| 020 | _a84-2770938-2 | ||
| 040 | _cAR-BaBNM | ||
| 100 | 1 | _aAebli, Hans | |
| 245 | 1 | 0 | _aFactores de la enseñanza que favorecen el aprendizaje autónomo |
| 260 |
_aMadrid _bNarcea _c1991 |
||
| 300 |
_a365 p. _bdiagr. |
||
| 490 | 0 | _aEducación hoy. Estudios | |
| 500 | _aAnexos | ||
| 500 | _aIndice de autores: p. 357-359 | ||
| 500 | _aIndice temático: p. 361-365 | ||
| 504 | _aBibliografía: p. 349-356 | ||
| 650 | 4 | _aPROCESO DE APRENDIZAJE | |
| 650 | 4 | _aTEORIAS DEL APRENDIZAJE | |
| 650 | 4 | _aVALORES | |
| 650 | 4 | _aACTIVIDADES DE APRENDIZAJE | |
| 650 | 4 | _aRELACION PADRES-DOCENTE | |
| 650 | 4 | _aDIDACTICA | |
| 650 | 4 | _aCURRICULO | |
| 650 | 4 | _aORGANIZACION DEL CURSO | |
| 650 | 4 | _aPLANES DE CLASE | |
| 650 | 4 | _aMOTIVACION | |
| 650 | 4 | _aSISTEMA DISCIPLINARIO | |
| 650 | 4 | _aEXAMENES | |
| 650 | 4 | _aCALIFICACIONES | |
| 651 | 4 | _aAlemania | |
| 700 | 1 |
_aLucio, Ricardo _etraductor |
|
| 942 | _cBK | ||
| 998 | _cSILVI | ||
| 999 |
_c9287 _d9287 |
||